| 000 | 00871nam0a2200277 i 4500 | ||
|---|---|---|---|
| 001 | RU\NLR\BIBL_A\011294616 | ||
| 005 | 20260607064910.0 | ||
| 010 |
_a9785170889594 _92000 |
||
| 021 |
_aRU _b2016-92539 _96114 |
||
| 035 | _a(NLR Aleph) 011294616 | ||
| 090 |
_a10942402 _c10942402 |
||
| 100 | _a20161219d2016 u y0rusy50 ca | ||
| 101 | 0 |
_arus _ceng |
|
| 102 | _aRU | ||
| 105 | _ay z 000ay | ||
| 200 | 1 |
_aПари с маркизом _eроман _fЛора Ли Гурк _g[пер. с англ. Е. Максимовой] |
|
| 210 |
_aМосква _cАСТ _d2016 |
||
| 215 |
_a318, [1] с. _d21 |
||
| 225 | 1 | _aОчарование | |
| 333 | _a16+ | ||
| 686 | 1 | _aШ6(7США)67-440.4{Лх1979-50} | |
| 700 | 1 |
_8rus _7ca _aГурк _bЛ. Л. _gЛора Ли _3RU\NLR\AUTH\7712868 _9122578 |
|
| 942 | _cBOOK | ||
| 980 | _aNBR | ||